000 00908nam a2200217 a 4500
001 77738
003 BD-RjUL
005 20211209083022.0
008 210104s2011 bg ||||| |||| 00| 0 ben d
035 _a(BD-RjUL)77964
040 _aBD-RjUL
_beng
_cBD-RjUL
041 _aben
082 _223
_a378.5492409
_bSMA 2011
245 0 0 _aস্মারক গ্রন্থ /
_cসরকারি আজিজুল হক কলেজ /
260 _aবগুড়া :
_bসরকারি আজিজুল হক কলেজ,
_c২০১১
300 _a৫০১ পৃ.:
_bচিত্র;
_c২৪ সেমি.
650 _aকলেজ (সরকারি আজিজুল হক কলেজ)
_xইতিহাস
_9243226
650 _aCollege (Government Azizul Haque College)
_xHistory
_9243227
710 _aসরকারি আজিজুল হক কলেজ
_9243228
942 _2ddc
_cBK
999 _c77738
_d77738